00983nam a2200301Ia 450000500170000000800390001702000190005610000470007524500610012225000190018330000270020249000140022952100290024365000370027265000400030965000380034965000400038765000340042770000260046194200150048726400300050233600270053233700330055933800280059204000350062008400110065599900150066620220317001043.0160825s2007 sp g 000 0 spa a978843397410121 aNabokov, Vladimir Vladimirovichd1899-197710aLolitacVladimir Nabokov ; traducción de Francesc Roca a1a. edición  a389 páginas c22 cm  aCompactos aRecomendado para adultos142LEMBaNovela rusa ySiglo XIX-XX142LEMBaLiteratura rusaySiglo XIX-XX142LEMBaProfesores en la literatura142LEMBaAdolescentes en la literatura142LEMB aAmor en la literatura 1 aRoca, Francesc964939 2loccBKLIT aBarcelonabAnagramac2007 atextobtxt2rdacontent asin mediaciónbn2rdamedia avolumenbnc2rdacarrier aCO-BoRNBPbspaerdacCO-BoRNBP aN NAB1 c5797d5797